000 00435ntaaa2200169 4500
003 01
005 20251027203009.0
008 0714s1973 ag 01
040 _aAR-BaBN
_bspa
_cAR-BaBN
_eaacr
_dRIC
100 _aMeyrielle, Horacio S
_931014
245 _aTodo el año es navidad
250 _a1 ed.
260 _as.l. :
_bEdiciones Mariel,
_cc1960
300 _a142 p
500 _aLibretos de un programa de televisión
942 _cBK
999 _c25403
_d25403